| 000 | 00651nam a2200217 i 4500 | ||
|---|---|---|---|
| 001 | 91000 | ||
| 003 | ES-MaACL | ||
| 005 | 20230906180620.0 | ||
| 007 | t| | ||
| 008 | 301003s1962 sp ||||1| spa d | ||
| 245 | 0 | 0 |
_aCon quién te casas / _c[traducción de M. Grau de Pey y Rosa Torrens]. |
| 260 |
_aBarcelona : _bVergara, _c1962. |
||
| 300 |
_a158 p. : _bil. ; _c22 cm. |
||
| 490 | 1 |
_aColección "Quién" ; _v2 |
|
| 650 | 4 |
_aElección de pareja. _9168455 |
|
| 700 | 1 |
_aGrau de Pey, M. _9168456 |
|
| 700 | 1 |
_aTorrens, Rosa. _9168457 |
|
| 830 | 0 |
_aColección "Quién" ; _v2 _9193394 |
|
| 852 |
_aES-MaACL _jP-883-Bis-1 |
||
| 999 |
_c91000 _d91000 |
||